| 000 | 01202nam a22002537a 4500 | ||
|---|---|---|---|
| 005 | 20080905121451.0 | ||
| 008 | 080905t xxu||||| |||| 00| 0 hin d | ||
| 010 | _aHIN-92871 | ||
| 020 |
_c200.00 _a9789380567136 |
||
| 035 | _aHN-65217 | ||
| 037 | _bDBAD / PUB | ||
| 040 |
_aDPL _bHN |
||
| 082 | _a954 | ||
| 100 |
_aगुलबदन बेगम _928442 |
||
| 245 |
_aहुमायूँनामा / _cगुलबदन बेगम; दामोदरलाल गर्ग द्वारा अनुदित |
||
| 260 |
_aजयपुर _bअपोलो प्रकाशन _c2011 |
||
| 270 |
_a25, पिंकसिटी मार्केट,सिद्धेश्वर महादेव मंदिर के पीछे, पंचवटी, राजापार्क _bजयपुर (राज.) |
||
| 300 |
_a147पृ _c22सेमी (सजिल्द) |
||
| 650 | _928443 | ||
| 650 | _928455 | ||
| 700 |
_aगर्ग, दामोदरलाल _928516 |
||
| 942 |
_adpl _cHN _2ddc _mगुलब _h954 |
||
| 999 |
_c52776 _d52776 |
||